00757nac a22002171u 4500010001700000020001500017035002300032082001600055090001500071100003400086245008000120260004000200300002900240504005100269650002300320650002500343700002200368942001800390999001500408952011600423 a 2004302986 a1405129883 a(OCoLC)ocm5653289100a382.3bG828 c2398d2398 a20080729 04aThe world economy :bglobal trade policy 2004 /cedited by David Greenaway. aMalden, MA :bBlackwell,2005c2005. a190 p. :bill. ;c25 cm. aIncludes bibliographical references and index. 0aCommercial policy. 0aInternational trade.1 aGreenaway, David. cBBk382.3G828 c2398d2398 00104070aMAINbMAINc1STd2007-02-19ePurchasel2o382.3 WORp000001679r2025-07-15 00:00:00s2019-11-13yBB